Hardware implementaion of pipelined IIR digital filters (Record no. 188809)

000 -LEADER
fixed length control field 00635 a2200181 4500
003 - CONTROL NUMBER IDENTIFIER
control field Nust
005 - DATE AND TIME OF LATEST TRANSACTION
control field 20170207153550.0
040 ## - CATALOGING SOURCE
Transcribing agency Nust
082 ## - DEWEY DECIMAL CLASSIFICATION NUMBER
Classification number 621.382
100 ## - MAIN ENTRY--PERSONAL NAME
Personal name Alam, Mehboob (MSEE-4)
245 ## - TITLE STATEMENT
Title Hardware implementaion of pipelined IIR digital filters
Statement of responsibility, etc. Mehboob Alam
260 ## - PUBLICATION, DISTRIBUTION, ETC.
Name of publisher, distributor, etc. MCS
Date of publication, distribution, etc. March 2000
Place of publication, distribution, etc. Rwp
300 ## - PHYSICAL DESCRIPTION
Extent ix, 66 p
505 ## - FORMATTED CONTENTS NOTE
Formatted contents note Introduction (page-1), Filter architecture (page-2), Pipelining in IIR digital filters (page-23), Implementation of pipelined IIR digital filters (page-32), Conclusions and future proposals (page-63).
538 ## - SYSTEM DETAILS NOTE
System details note Almirah No.69 shelf No.2
650 ## - SUBJECT ADDED ENTRY--TOPICAL TERM
Topical term or geographic name entry element MSEE Thesis
651 ## - SUBJECT ADDED ENTRY--GEOGRAPHIC NAME
Geographic name MSEE-4
942 ## - ADDED ENTRY ELEMENTS (KOHA)
Koha item type
Holdings
Withdrawn status Lost status Source of classification or shelving scheme Damaged status Not for loan Collection code Permanent Location Current Location Date acquired Total Checkouts Full call number Barcode Date last seen Price effective from Koha item type
            Military College of Signals (MCS) Military College of Signals (MCS) 12/12/2016   621.382 ALA MCSTEE-120 12/08/2016 12/12/2016 Book
© 2023 Central Library, National University of Sciences and Technology. All Rights Reserved.